| 000 | 00628nam a22001817a 4500 | ||
|---|---|---|---|
| 999 |
_c15301 _d15301 |
||
| 003 | AR-CdUCM | ||
| 008 | 190426b ||||| |||| 00| 0 spa d | ||
| 040 |
_aMUNICIPALIDAD PROVINCIAL DEL CUSCO _cBIBLIOTECA MUNICIPAL DEL CUSCO |
||
| 082 |
_aC / 343.298 / _bM93 |
||
| 110 |
_aMunicipalidad del Qosqo _96414 |
||
| 245 | _aReforma constitucional descentralización y gobiernos locales / | ||
| 260 |
_aQosqo : _bMunicipalidad del Qosqo, _c1993. |
||
| 300 |
_a36 páginas ; _c18 cm. |
||
| 505 | _aReforma constitucional descentralización y gobiernos locales... | ||
| 650 |
_aQosqo. _92722 |
||
| 942 |
_2ddc _cFOLLETOS |
||
| 945 | _awfj | ||